| 000 | 01243nam a2200253Ia 4500 | ||
|---|---|---|---|
| 999 |
_c41346 _d41346 |
||
| 001 | 8004 | ||
| 003 | GE_BSU | ||
| 005 | 20211022111056.0 | ||
| 008 | 181216s1993||||ge |||||||||||||| ||geo|| | ||
| 040 | _cGE_BSU | ||
| 041 | _ageo | ||
| 080 | _a1(430) ნ–75 | ||
| 100 |
_aნიცშე, ფრიდრიხ _95541 |
||
| 245 |
_aესე იტყოდა ზარატუსტრა : _bწიგნი ყველასთვის და არავისთვის / _cფრიდრიხ ნიცშე; რედ.თამაზ ბუაჩიძე. |
||
| 264 |
_aთბილისი : _bფილოსოფიური ბიბლიოთეკა, _c1993. |
||
| 300 |
_a286 გვ.; _b21 სმ. |
||
| 653 | _aესე იტყოდა ზარატუსტრა | ||
| 653 | _aწიგნი ყველასთვის და არავისთვის | ||
| 653 | _a გერმანული ფილოსოფია | ||
| 653 | _a ზოროასტრიზმი | ||
| 653 | _a ადამიანის ფილოსოფიური საკითხები | ||
| 700 |
_aბუაჩიძე, თამაზ _eრედაქტორი _9389 |
||
| 942 |
_cBK _2udc |
||